00415pam a2200157 a 4500020000500000040002500005041001300030082001600043100002000059245007200079260003300151300001300184365001300197653003100210700001600241 c aMedical College Lib. aENGhENG a616.07bFRI aFrisch , B. . aBiopsy Interpretation of Bone & Bone Marrow / chTextual Documents aLondon : bArnold , c1999. a285 ; c a4,687=00 aPathologyaMedical Science aBartl , .